| 000 | 00763nam a2200217 i 4500 | ||
|---|---|---|---|
| 001 | 187064 | ||
| 003 | SpMaBN | ||
| 005 | 20230906222817.0 | ||
| 008 | 170407s1985 sp |||| | spa d | ||
| 020 | _a84-600-4180-8 | ||
| 080 | _a875.09 | ||
| 245 | 0 | 0 |
_aEstudios de prosa griega / _cJ. de Hoz Bravo, A. López Eire, M. Fernández Galiano ... [et al.] ; coordinador, Gaspar Morocho Gayo. |
| 260 |
_aLeón : _bUniversidad, Secretariado de Publicaciones, _c1985. |
||
| 300 |
_a195 p. ; _c23 cm. |
||
| 504 | _aReferencias bibliográficas. | ||
| 650 | 0 | 7 |
_aLiteratura griega- _xHistoria y crítica. _914599 |
| 700 | 1 |
_aHoz, Javier de. _9162321 |
|
| 700 | 1 |
_aMorocho Gayo, Gaspar. _983631 |
|
| 710 | 2 |
_aUniversidad de León. _97200 |
|
| 852 |
_aES-MaACL _jL-31386 |
||
| 999 |
_c187064 _d187064 |
||